000 00618nam a22002417a 4500
003 UA-OsUOA
001 70484
007 ta
008 20100906b un ||||| |||| 00| 0 ukr d
100 _aЦвейг С.
090 _a821.161.1
_bЦ26
942 _cBK
040 _aUA-OsUOA
_brus
_cUA-OsUOA
_dUA-OsUOA
245 _aВчерашний мир
_bсборник
300 _a544 с.
955 _a3
041 _arus
080 _a821.161.1
020 _a5-05-002701-2
260 _aМ.
_bРадуга
_c1991
650 7 _a82 Література. Літературознавство
_2UDC
999 _c356757
_d356757